Rock Bands By Vocalist - Statistics

General Stats
  • This quiz has been taken 630 times
  • The average score is 9 of 18
Answer Stats
Hint Answer % Correct
Freddie Mercury Queen
95%
Ozzy Osbourne Black Sabbath
92%
Dave Grohl Foo Fighters
89%
Steven Tyler Aerosmith
84%
Bon Scott AC/DC
68%
Anthony Kiedis Red Hot Chili Peppers
65%
Chris Cornell Audioslave / Soundgarden
54%
Mark Knopfler Dire Straits
54%
Chad Kroeger Nickelback
54%
Deborah Harry Blondie
51%
Jack Black Tenacious D
48%
Amy Lee Evanescence
46%
Dexter Holland The Offspring
21%
Justin Hawkins The Darkness
18%
Corey Glover Living Colour
6%
Chad Gray Mudvayne
6%
Renato Russo Legião Urbana
4%
Marcelo Mancini Strike
2%
No matching quizzes found
Score Distribution
Percent of People with Each Score
Percentile by Number Answered
Your Score History
You have not taken this quiz